000 00281nam a22001217a 4500
008 170627b xxu||||| |||| 00| 0 eng d
041 _aeng
080 _a32
100 _a21
101 _aSHP
245 _aCOMMUNISM AND THE POLITICS OF DEVELOPMENT
_cKAUTSKY,J.H
942 _2udc
_cBK
999 _c19162
_d19162